000 00460nam a2200193Ia 4500
005 20240921120744.0
008 240921s9999||||xx |||||||||||||| ||und||
041 _aENGLISH
082 _A657.42 N5
100 _aJaun
245 0 _aCost Accounting
250 _a13th
260 _c1995
_bKalyani,Ludhiyana
500 _aPrinciples a nd Practice
650 _aAccountancy
_bManagement Studies
700 _a Narahari Y
942 _cBK
999 _c247476
_d247476